000 00838nam a2200253Ia 4500
003 OSt
005 20221005111129.0
006 a|||||r|||| 00| 0
007 ta
008 221004b |||||||| |||| 00| 0 hin d
020 _a9788150000243 (hbk)
_c200
024 _a104421
037 _b371, 17/02/2011, Vani Prakashan
_cTextual
040 _aCRL
_cCRL
_bhin
041 _2hin
_ahin
082 _aO152,1N52x, P9
100 _aरेड्डी, राजेश
245 0 _aआसमान से आगे
246 _aĀsamān se āge
260 _aनई दिल्ली
_bवाणी प्रकाशन भारत
_c2009
300 _a130पृ0
_ccm.
942 _hO152,1N52x, P9
_cTEXL
_2cc
999 _c1020910
_d1020910